Normal view MARC view
  • JUSTICIA PENAL -

Entry Materia

Number of records used in: 7

001 - NÚMERO DE CONTROL DEL REGISTRO

  • campo de control: 7580

003 - IDENTIFICADOR DE NUMERO DE CONTROL

  • campo de control: UPN

005 - FECHA Y HORA DE LA ÚLTIMA TRANSACCIÓN

  • campo de control: 20210219193715.0

008 - DATOS DE LONGITUD FIJA

  • campo de control de longitud fija: nabaccnnaabn|||||||||| b |nc|||||d

035 ## - NÚMERO DE CONTROL DEL SISTEMA

  • Número de control del sistema: UPN10000007585

040 ## - FUENTE DE LA CATALOGACIÓN

  • Lengua de catalogación: SPA
  • Agencia de transcripción: UPN

150 ## - ENCABEZAMIENTO - TEMÁTICO

  • Término de materia o nombre geográfico como elemento inicial: JUSTICIA PENAL -
  • Subdivisión de materia general: ADMINISTRACION

450 ## - VÉASE - MATERIA

  • Encabezamiento temático: Justicia criminal, Administración de la

450 ## - VÉASE - MATERIA

  • Encabezamiento temático: Administración de justicia penal

450 ## - VÉASE - MATERIA

  • Encabezamiento temático: Administración de justicia criminal

450 ## - VÉASE - MATERIA

  • Encabezamiento temático: Justicia criminal -
  • Subdivisión temática general: Administración

550 ## - VÉASE ADEMÁS - MATERIA

  • Encabezamiento temático o nombre geográfico como elemento de entrada: CRIMINOLOGIA

550 ## - VÉASE ADEMÁS - MATERIA

  • Encabezamiento temático o nombre geográfico como elemento de entrada: DELITO

550 ## - VÉASE ADEMÁS - MATERIA

  • Encabezamiento temático o nombre geográfico como elemento de entrada: DELINCUENTES

670 ## - FUENTE EN LA QUE SE LOCALIZARON DATOS

  • Cita de la fuente: E/P

902 ## - CATALOGADOR

  • Catalogador: BDV/250907